000 01136nam a2200265Ia 4500
003 OSt
005 20221005105343.0
006 a|||||r|||| 00| 0
007 ta
008 221004b |||||||| |||| 00| 0 hin d
024 _a22310
037 _bGift, 22/09/2015,
_cTextual
040 _aCRL
_cCRL
_bhin
041 _2hin
_ahin
082 _aw2,N, 152P5
100 _aप्रेम लाल सिंह
245 0 _aभारत की महान विभूतियां
_b गॉंधी - नेहरू - शास्त्री - इंदिरा - राजीव - सोनिया
246 _aBhārat kī mahān vibhūtiyāan: gaॉandhī - neharū - shāstrī - iandirā - rājīv - soniyā
260 _aनई दिल्ली
_bतक्षशिला प्रकाशन भारत
_c2005
300 _a73पृ0
_ccm.
650 _aहिन्दी साहित्य
700 _a सुधा सिंह
942 _hw2,N, 152P5
_cTEXL
_2cc
999 _c1015568
_d1015568